000 00644nam a22002417a 4500
003 UA-OsUOA
001 66954
007 ta
008 20100204b un ||||| |||| 00| 0 ukr d
100 _aБурдак І.
090 _a82-97
_bБ91
942 _cBK
040 _aUA-OsUOA
_bukr
_cUA-OsUOA
_dUA-OsUOA
245 _aСповідь про моє спілкування з тим світом
300 _a78 с.
955 _a2
041 _aukr
080 _a82-97
020 _a5-7707-5378-1
260 _aК.
_bДніпро
_c1944
650 7 _a82 Література. Літературознавство
_2UDC
999 _c353192
_d353192